Online
Catalog
Normal view MARC view

Entry Nombre personal

Number of records used in: 4

001 - NÚMERO DE CONTROL

  • campo de control: 84919

003 - IDENTIFICADOR DEL NÚMERO DE CONTROL

  • campo de control: DO-SdBNP

005 - FECHA Y HORA DE LA ÚLTIMA TRANSACCIÓN

  • campo de control: 20240314192639.0

008 - DATOS DE LONGITUD FIJA

  • campo de control de longitud fija: 240214|| aca||aabn | a|a d

010 ## - NÚMERO DE CONTROL DE LA BIBLIOTECA DEL CONGRESO

  • Número de control de LC: n 2021028346

040 ## - FUENTE DE LA CATALOGACIÓN

  • Centro catalogador/agencia de origen: DO-SdBNP
  • Lengua de catalogación: spa
  • Centro/agencia transcriptor: BNPHU
  • Normas de descripción: rda

100 1# - ENCABEZAMIENTO-NOMBRE DE PERSONA

  • Nombre de persona: Díaz Filpo, Rafael

370 ## - LUGAR ASOCIADO

  • Lugar de nacimiento: Azua de Compostela (República Dominicana)

372 ## - CAMPO DE ACTIVIDAD

  • Campo de actividad: Tribunal Constitucional

374 ## - OCUPACIÓN

  • Ocupación: Juez

375 ## - GÉNERO/SEXO

  • Género/Sexo: Masculino

377 ## - LENGUA/LENGUAJE ASOCIADO

  • Código del idioma: spa
  • Término de lengua/lenguaje: Español

400 1# - TRAZADO DE VÉASE--NOMBRE DE PERSONA

  • Nombre de persona: Filpo, Rafael Díaz

400 1# - TRAZADO DE VÉASE--NOMBRE DE PERSONA

  • Nombre de persona: Diaz Filpo, Rafael Ramón

670 ## - FUENTE DE DATOS ENCONTRADOS

  • Cita de la fuente: Work cat.: (DO-SdBNP)55947: Díaz Filpo, Rafael Ramón, Control preventivo de los tratados internacionales :

670 ## - FUENTE DE DATOS ENCONTRADOS

  • Cita de la fuente: Constitución política, política constitucional, 2020

Powered by Koha